000 00654nam a2200205Ia 4500
003 GCL
008 140319s9999 xx 000 0 ara d
040 _aGCL /
_cGCL
082 0 4 _a327.172
_bا ا
100 1 _aاحمد جلال عزالدين
245 1 0 _aالارهاب والعنف السياسى /
_cاحمد جلال عزالدين
260 _a[S.N] :
_bدار الحرية للصحافة والطباعة والنشر ،
_c1986
300 _a226 ص
490 _a
650 0 4 _aالارهاب
650 0 4 _aالجرائم السياسية
650 0 4 _aالامن الدولى
650 0 4 _aالسلام الدولى
942 _2ddc
_cBK
999 _c27950
_d27950